00924nam a2200241 i 4500001000700000003000900007005001700016007000300033008004100036020001800077080002700095100003100122245010800153260006800261300003000329500004300359500001200402610005900414700003500473852003300508999001900541952012200560133638ES-MaACL20230906194459.0t|070823s1993 sp ||||1| spa d a84-88045-87-5 a75:069(460.27 M.)(036)1 aMarías, Fernando.97668610aColección Thysen-Bornemisza b: Monasterio de Pedralbes / cFernando Marías, Consuelo Luca de Tena. aMadrid : bFundación Colección Thyssen-Bornemisza, c[1993] a109 p. : bil. ; c22 cm. aBiblioteca Jacinto Martínez Lacalle. aIndice.2 aMuseo Thyssen-Bornemisza-vGuías turísticas.959281 aLuca de Tena, Consuelo.974511 aES-MaACLjE-12010 bR.139948 c133638d133638 00104070aATENEOMbATENEOMcDEPO2d2008-01-17eSCl0oE-12010p1139117r2023-02-23 00:00:00w2023-02-23yMONOGRAFIA